| 000 | 00778nam a2200253 i 4500 | ||
|---|---|---|---|
| 001 | 9916 | ||
| 003 | ES-MaACL | ||
| 005 | 20240209063103.0 | ||
| 007 | t| | ||
| 008 | 940509s1993 sp ||||1| spa d | ||
| 020 | _a84-368-0762-6 | ||
| 080 | _a46.316.4:8.08 | ||
| 080 | _a8.08:46.316.4 | ||
| 100 | 1 |
_aMartínez de Sousa, José, _d1933- _978033 |
|
| 245 | 1 | 0 |
_aDiccionario de redacción y estilo / _cJosé Martínez de Sousa. |
| 260 |
_aMadrid : _bPirámide, _cD.L. 1993. |
||
| 300 |
_a497 p. ; _c21 cm. |
||
| 500 | _aIndice. | ||
| 504 | _aBibliografía: p. 479-488. | ||
| 650 | 1 | 4 |
_aLengua española- _xEstilística- _vDiccionarios. _914155 |
| 650 | 1 | 4 |
_aLingüística- _vDiccionarios. _914466 |
| 852 |
_aES-MaACL _jL-17365 _bR.122497 |
||
| 999 |
_c9916 _d9916 |
||